000 00311nam a2200133Ia 4500
008 191201s2010 xx 000 0 und d
100 _aMINOLI, Daniel
245 0 _aWeb Commerce Technology Handbook
250 _a18th Rep
260 _c2010
_bTMH
_aN. Delhi
300 _a621
650 _aCSE
942 _2ddc
_cBB
999 _c7367
_d7367